Odisea de lectura : en busca de historias perdidas. /
SECUENCIA 1: Seguimos personajes -- Encuentro con sirenas y piratas -- La sirenita / Cristina Macjus -- El pirata Roco / Florencia Esses -- ¿Dónde está la sirena? / Sol Silvestre -- Sueño de loro / sol Silvestre -- Vamos a la mar (canción tradicional) -- La mar estaba serena (canción tradicional) --...
Guardado en:
| Autor Principal: | |
|---|---|
| Otros Autores: | , , , , , , , , , |
| Formato: | Libro |
| Idioma: | Undetermined |
| Publicado: |
Buenos Aires :
Santillana,
2018.
|
| Edición: | 1a ed. |
| Materias: | |
| Etiquetas: |
Agregar Etiqueta
Sin Etiquetas, Sea el primero en etiquetar este registro!
|
| LEADER | 02347nam a22003135a 4500 | ||
|---|---|---|---|
| 001 | CEM.cems024676 | ||
| 008 | 250610s2018####ag############000#0#und#d | ||
| 005 | 20250612163305.0 | ||
| 245 | 1 | 0 | |a Odisea de lectura : |b en busca de historias perdidas. / |c Paula Galdeano y Melina Pogorelsky. |
| 250 | |a 1a ed. | ||
| 260 | |a Buenos Aires : |b Santillana, |c 2018. | ||
| 300 | |a 80 p. | ||
| 520 | |a SECUENCIA 1: Seguimos personajes -- Encuentro con sirenas y piratas -- La sirenita / Cristina Macjus -- El pirata Roco / Florencia Esses -- ¿Dónde está la sirena? / Sol Silvestre -- Sueño de loro / sol Silvestre -- Vamos a la mar (canción tradicional) -- La mar estaba serena (canción tradicional) -- Para leer en el mar (tapa de libro) -- No te olvides (lista) -- Personajes escondidos. TIC -- SECUENCIA 2: Conocemos lugares -- Exploramos el mar -- Simbad el marino / Florencia Gattari -- El viento y el sol / Carolina Tosi -- Trabajar en altamar / Grisel Estayno -- Balada del mar pimienta / Leo Arias -- Coplas con aire de mar -- Víbora de la mar (canción-juego) -- Mar sin plástico (afiche) -- Mensaje ecológico (cartel) -- Infoacuática (infografía) -- En el fondo del mar. TIC -- SECUENCIA 3: Seguimos a un autor -- Rulitos de oro / Cecilia Pisos -- Bosque con invitados / Celilia Pisos -- Sol una, sol dos, sol tres / Celilia Pisos -- Enamorados / Celilia Pisos -- Nube, nube / Cecilia Pisos -- ¡A jugar! / Cecilia Pisos -- Arroró / Cecilia Pisos -- Historia de vida -- 1, 2, 3, grabando -- SECUENCIA 4: Comparamos versiones -- Los tres chanchitos / Graciela Pérez de Lois -- Palabra feroz / Maricel Santín -- Soplar, soplar y soplar / Melina Pogorelsky -- Adivina, adivinador -- El colmo del colmo -- Invitación -- Texto expositivo -- Instructivo -- Test -- Buscando imágenes. TIC | ||
| 020 | |a 9879504656807 | ||
| 100 | 1 | |a Galdeano, Paula. | |
| 700 | 1 | |a Pogorelsky, Melina. | |
| 700 | 1 | |a Macjus, Cristina. | |
| 700 | 1 | |a Esses, Florencia. | |
| 700 | 1 | |a Silvestre, Sol. | |
| 700 | 1 | |a Gattari, Florencia. | |
| 700 | 1 | |a Tosi, Carolina. | |
| 700 | 1 | |a Estayno, Grisel. | |
| 700 | 1 | |a Arias, Leo. | |
| 700 | 1 | |a Pisos, Cecilia. | |
| 700 | 1 | |a Pérez de Lois, Graciela. | |
| 653 | |a Educación primaria | ||
| 653 | |a Libro de texto | ||
| 653 | |a Antología literaria | ||
| 859 | |a CEMS |b BIB. CEMS - Inicial y Primaria |h 468 |i G149 |k IP |p 6963 |t Ej.1 | ||
